000 00821nam a22002297a 4500
003 0
005 20241003093038.0
008 241003b xxu||||| |||| 00| 0 eng d
020 _a9781982134143
050 _aHQ 755.8
_b.F115 2021
100 _aFaber, Joanna,
_eauthor.
245 _aHow to talk when kids won't listen :
_bwhining, fighting, meltdowns, defiance, and other challenges of childhood /
_cJoanna Faber & Julie King ; illustrated by Emily Wimberly.
260 _aNew York, NY :
_bScribner,
_c2021.
300 _axi, 387 p. :
_bill. ;
_c22 cm.
504 _aIncludes bibliographical references and index.
650 _aParenting.
650 _aParent and child.
650 _aInterpersonal communication in children.
650 _aProblem children.
700 _aKing, Julie,
_eauthor.
942 _2lcc
_cBK
999 _c366445
_d366445